[Event "Titled Tuesday intern op 18th Apr Early"]
[Site "Chess.com INT"]
[Date "2023.04.18"]
[Round "3"]
[White "Bodnaruk, Anastasia"]
[Black "Zozayo, Simon"]
[Result "1-0"]
[WhiteElo "2350"]
[BlackElo "2229"]
[PlyCount "67"]
[EventDate "2023.04.18"]
[EventType "swiss (blitz)"]
[EventRounds "11"]
[EventCountry "USA"]
[SourceTitle "EXT 2024"]
[Source "ChessBase"]
[SourceDate "2023.10.10"]
[SourceVersion "1"]
[SourceVersionDate "2023.10.10"]
[SourceQuality "1"]

1. e4 e6 2. d4 d5 3. e5 c5 4. c3 Nc6 5. Nf3 Qb6 6. Bd3 cxd4 7. 0-0 dxc3 8. Nxc3 Bd7 9. Re1 Nge7 10. Ng5 Ng6 11. Bxg6 hxg6 12. Qf3 Nd8 13. a4 Be7 14. a5 Qb4 15. a6 b6 16. Bf4 Rh5 17. Qg3 Rc8 18. Rad1 Qxb2 19. Nxd5 exd5 20. e6 Nxe6 21. Nxe6 Bxe6 22. Rxe6 fxe6 23. Qxg6+ Kd7 24. Qxh5 Rc2 25. Qg4 Qb3 26. Re1 d4 27. Qxg7 d3 28. Bg5 Qb4 29. Rd1 d2 30. h4 Qd6 31. h5 Ke8 32. Qg6+ Kd7 33. Qxc2 Bxg5 34. h6 1-0

[Event "Titled Tuesday intern op 18th Apr Early"]
[Site "Chess.com INT"]
[Date "2023.04.18"]
[Round "4"]
[White "Jain, Kashish Manoj"]
[Black "Zozayo, Simon"]
[Result "1-0"]
[WhiteElo "2375"]
[BlackElo "2229"]
[PlyCount "111"]
[EventDate "2023.04.18"]
[EventType "swiss (blitz)"]
[EventRounds "11"]
[EventCountry "USA"]
[SourceTitle "EXT 2024"]
[Source "ChessBase"]
[SourceDate "2023.10.10"]
[SourceVersion "1"]
[SourceVersionDate "2023.10.10"]
[SourceQuality "1"]

1. g3 d5 2. Bg2 Nf6 3. Nf3 c5 4. 0-0 Nc6 5. d3 g6 6. Nc3 Bg7 7. a3 0-0 8. Rb1 Bg4 9. h3 Bxf3 10. Bxf3 Rc8 11. Bd2 d4 12. Na4 Qd7 13. Bg2 b6 14. c4 dxc3 15. Nxc3 Nd4 16. b4 cxb4 17. axb4 Rfd8 18. Re1 Nb5 19. Nxb5 Qxb5 20. Qb3 Nd5 21. Rbc1 e6 22. Qa3 a6 23. Rxc8 Rxc8 24. Rc1 Rxc1+ 25. Qxc1 h6 26. Qc4 Qxc4 27. dxc4 Nc7 28. c5 bxc5 29. bxc5 Bf8 30. c6 Kg7 31. e4 e5 32. f4 f6 33. Bf1 Kf7 34. Bc4+ Ke7 35. Ba5 Kd8 36. Kf2 Bc5+ 37. Ke2 Bd6 38. Kf3 Ke7 39. f5 gxf5 40. exf5 Nb5 41. Kg4 Nd4 42. c7 Kd7 43. Kh5 Bxc7 44. Bxc7 Kxc7 45. g4 a5 46. Kxh6 a4 47. Kg6 Kc8 48. h4 a3 49. h5 Nc6 50. h6 e4 51. h7 Ne5+ 52. Kxf6 Nxc4 53. h8Q+ Kc7 54. Qh2+ Kc6 55. Qa2 Kc5 56. g5 1-0

[Event "Titled Tuesday intern op 18th Apr Early"]
[Site "Chess.com INT"]
[Date "2023.04.18"]
[Round "1"]
[White "Smirnov, Pavel"]
[Black "Zozayo, Simon"]
[Result "1-0"]
[WhiteElo "2545"]
[BlackElo "2229"]
[PlyCount "45"]
[EventDate "2023.04.18"]
[EventType "swiss (blitz)"]
[EventRounds "11"]
[EventCountry "USA"]
[SourceTitle "EXT 2024"]
[Source "ChessBase"]
[SourceDate "2023.10.10"]
[SourceVersion "1"]
[SourceVersionDate "2023.10.10"]
[SourceQuality "1"]

1. d4 d5 2. c4 c6 3. Nf3 Nf6 4. e3 e6 5. Bd3 Nbd7 6. 0-0 dxc4 7. Bxc4 b5 8. Bd3 a6 9. a4 Bb7 10. e4 Be7 11. Qe2 0-0 12. Nbd2 Re8 13. e5 Nd5 14. Ne4 Nf8 15. Bg5 Bxg5 16. Nfxg5 Nb4 17. Qf3 Nxd3 18. Qxf7+ Kh8 19. Qxb7 Qxd4 20. Nf7+ Kg8 21. Nh6+ Kh8 22. Qf7 gxh6 23. Nf6 1-0